[Event "Pan American-ch U2000"]
[Site "Timbo"]
[Date "2021.12.04"]
[Round "8"]
[White "Jenidarchiche, Douglas Rodrigo"]
[Black "Campagnolo, Fabiola"]
[Result "0-1"]
[WhiteElo "1816"]
[BlackElo "1668"]
[PlyCount "78"]
[EventDate "2021.12.01"]
[EventType "swiss"]
[EventRounds "9"]
[EventCountry "BRA"]
[SourceTitle "CBM 205 Extra"]
[Source "ChessBase"]
[SourceDate "2022.01.31"]
[SourceVersion "1"]
[SourceVersionDate "2022.01.31"]
[SourceQuality "1"]

1. d4 d5 2. c4 c6 3. cxd5 cxd5 4. Nc3 e6 5. Bf4 Bd6 6. Bxd6 Qxd6 7. e3 Nf6 8. f4 Nc6 9. Nf3 a6 10. Bd3 Nd7 11. 0-0 f6 12. Nh4 g6 13. Qg4 Nf8 14. Qf3 b5 15. Rac1 Rb8 16. Qf2 Nd7 17. f5 exf5 18. Bxf5 0-0 19. Bd3 Nb6 20. a3 Nc4 21. a4 N6a5 22. axb5 axb5 23. b4 Nc6 24. e4 Nxb4 25. Bb1 Na3 26. Qb2 Nxb1 27. Rxb1 Nd3 28. Qd2 dxe4 29. Nxe4 Qxd4+ 30. Nf2 Qxh4 31. Qxd3 Be6 32. Rfe1 Qc4 33. Qd6 Rbe8 34. Qb6 Bf5 35. Rec1 Bxb1 36. Rxb1 Re6 37. Qa7 Rfe8 38. Qa1 Re2 39. Rc1 Qxc1+ 0-1

[Event "Pan American-ch U2000"]
[Site "Timbo"]
[Date "2021.12.03"]
[Round "5"]
[White "Vitis Topaz, Manuel"]
[Black "Campagnolo, Fabiola"]
[Result "1-0"]
[WhiteElo "1828"]
[BlackElo "1668"]
[PlyCount "35"]
[EventDate "2021.12.01"]
[EventType "swiss"]
[EventRounds "9"]
[EventCountry "BRA"]
[SourceTitle "CBM 205 Extra"]
[Source "ChessBase"]
[SourceDate "2022.01.31"]
[SourceVersion "1"]
[SourceVersionDate "2022.01.31"]
[SourceQuality "1"]

1. e4 d5 2. exd5 Nf6 3. Bb5+ Bd7 4. Bc4 Bg4 5. f3 Bf5 6. Nc3 c6 7. dxc6 Nxc6 8. Nge2 e5 9. 0-0 Nd4 10. d3 Qb6 11. Kh1 0-0-0 12. Bxf7 e4 13. Nxd4 Qxd4 14. dxe4 Qe5 15. Qe2 Bd7 16. Be3 a6 17. Bf2 Bb4 18. Qc4+ 1-0

[Event "Pan American-ch U2000"]
[Site "Timbo"]
[Date "2021.12.02"]
[Round "3"]
[White "Campagnolo, Fabiola"]
[Black "Mobaier, Sergio"]
[Result "1/2-1/2"]
[WhiteElo "1668"]
[BlackElo "1804"]
[PlyCount "55"]
[EventDate "2021.12.01"]
[EventType "swiss"]
[EventRounds "9"]
[EventCountry "BRA"]
[SourceTitle "CBM 205 Extra"]
[Source "ChessBase"]
[SourceDate "2022.01.31"]
[SourceVersion "1"]
[SourceVersionDate "2022.01.31"]
[SourceQuality "1"]

1. e4 c5 2. Nf3 e6 3. c3 Nf6 4. e5 Nd5 5. Bc4 Nc6 6. 0-0 d6 7. d4 cxd4 8. Bxd5 exd5 9. exd6 Bxd6 10. Re1+ Be6 11. Nxd4 Nxd4 12. Qxd4 0-0 13. Be3 Qc7 14. g3 b6 15. Nd2 Rad8 16. Nb3 Qc4 17. Rad1 Be7 18. Bf4 Bf6 19. Be5 Bxe5 20. Qxe5 Qa4 21. Nd4 Qxa2 22. Ra1 Qxb2 23. Rxa7 Qxc3 24. Rc7 Qb2 25. Re2 Qb1+ 26. Re1 Qb2 27. Re2 Qa1+ 28. Re1 1/2-1/2

[Event "Pan American-ch U2000"]
[Site "Timbo"]
[Date "2021.12.01"]
[Round "1"]
[White "Campagnolo, Fabiola"]
[Black "Santos, Otavio Belegarde do"]
[Result "1-0"]
[WhiteElo "1668"]
[BlackElo "1816"]
[PlyCount "57"]
[EventDate "2021.12.01"]
[EventType "swiss"]
[EventRounds "9"]
[EventCountry "BRA"]
[SourceTitle "CBM 205 Extra"]
[Source "ChessBase"]
[SourceDate "2022.01.31"]
[SourceVersion "1"]
[SourceVersionDate "2022.01.31"]
[SourceQuality "1"]

1. e4 e6 2. d3 d5 3. Nd2 c5 4. Ngf3 Nc6 5. g3 d4 6. a4 e5 7. Nc4 Bg4 8. h3 Bxf3 9. Qxf3 Qf6 10. Qe2 Nge7 11. h4 h6 12. Bh3 Rd8 13. f4 exf4 14. Bxf4 Ng6 15. Bc7 Nge5 16. Bxd8 Kxd8 17. Nxe5 Qxe5 18. Qg4 Qc7 19. Rf1 Ne5 20. Qf5 Bd6 21. Ke2 c4 22. Rac1 f6 23. Qe6 Re8 24. Qd5 Nc6 25. Qxc4 Bxg3 26. b4 Bxh4 27. Qd5+ Ke7 28. Qc5+ Kf7 29. Qh5+ 1-0

[Event "BRA-ch (Women) 60th"]
[Site "Cuiaba"]
[Date "2021.11.01"]
[Round "7"]
[White "Penha, Evelyn Maximiano"]
[Black "Campagnolo, Fabiola"]
[Result "1/2-1/2"]
[WhiteElo "1672"]
[BlackElo "1677"]
[PlyCount "51"]
[EventDate "2021.10.28"]
[EventType "swiss"]
[EventRounds "11"]
[EventCountry "BRA"]
[SourceTitle "CBM 205 Extra"]
[Source "ChessBase"]
[SourceDate "2022.01.31"]
[SourceVersion "1"]
[SourceVersionDate "2022.01.31"]
[SourceQuality "1"]

1. e4 c5 2. Nc3 e6 3. f4 d5 4. Nf3 dxe4 5. Nxe4 Nf6 6. Nxf6+ Qxf6 7. d4 Nc6 8. Bb5 Bd7 9. d5 exd5 10. Qxd5 Qe7+ 11. Kf2 0-0-0 12. Re1 Be6 13. Qe4 Nd4 14. Nxd4 Rxd4 15. Qf3 g6 16. c3 Rd8 17. Bf1 Qc7 18. Be3 h5 19. Red1 Bh6 20. h3 Bd7 21. Bc4 Bc6 22. Bd5 Bxd5 23. Rxd5 Rxd5 24. Qxd5 Bxf4 25. Qxc5 Qxc5 26. Bxc5 1/2-1/2

[Event "BRA-ch (Women) 60th"]
[Site "Cuiaba"]
[Date "2021.10.30"]
[Round "4"]
[White "Campagnolo, Fabiola"]
[Black "Bokhonok, Tatiana dos Santos"]
[Result "1/2-1/2"]
[WhiteElo "1677"]
[BlackElo "1230"]
[PlyCount "149"]
[EventDate "2021.10.28"]
[EventType "swiss"]
[EventRounds "11"]
[EventCountry "BRA"]
[SourceTitle "CBM 205 Extra"]
[Source "ChessBase"]
[SourceDate "2022.01.31"]
[SourceVersion "1"]
[SourceVersionDate "2022.01.31"]
[SourceQuality "1"]

1. d4 e6 2. e4 d5 3. exd5 exd5 4. c4 Nc6 5. c5 Bf5 6. Nf3 g6 7. Qb3 Qc8 8. Qxd5 Qd8 9. Qc4 Nge7 10. Nc3 Be6 11. Qd3 Bg7 12. Be3 0-0 13. a3 Bf5 14. Qd2 Nd5 15. Rd1 Re8 16. Bc4 Nxe3 17. fxe3 Bh6 18. Nd5 Be4 19. Nxc7 Qxc7 20. 0-0 Bd5 21. Ne5 Bxc4 22. Nxc4 Rad8 23. Qc3 Qe7 24. Rf3 Qe4 25. Kf2 Ne5 26. Nxe5 Rxe5 27. Qd3 Qxd3 28. Rxd3 Rxc5 29. Rb3 Rc2+ 30. Kg3 Rd7 31. Rf1 Re7 32. Kf3 Re6 33. Re1 Rd2 34. Rxb7 Rxd4 35. exd4 Rxe1 36. d5 Re5 37. d6 Rd5 38. d7 Kf8 39. Ke4 Rd6 40. Ke5 Rd2 41. Rxa7 Bg7+ 42. Ke4 Bxb2 43. a4 Ke7 44. d8Q+ Kxd8 45. Rxf7 Rxg2 46. Rxh7 Rg4+ 47. Kd5 Rxa4 48. Kd6 Bf6 49. Rb7 Ra6+ 50. Kd5 Ra5+ 51. Kd6 Be5+ 52. Ke6 Bxh2 53. Kf6 g5 54. Rh7 Bf4 55. Ke6 g4 56. Rf7 Bh2 57. Rd7+ Kc8 58. Rd2 g3 59. Kf6 Kc7 60. Ke6 Kc6 61. Rc2+ Kb5 62. Kd5 Kb4+ 63. Ke4 Kb3 64. Re2 Ra2 65. Rxa2 Kxa2 66. Kf3 Kb3 67. Kg2 Kc2 68. Kf1 Kd1 69. Kg2 Ke2 70. Kh1 Ke3 71. Kg2 Kf4 72. Kh1 Bg1 73. Kxg1 Kg4 74. Kg2 Kf4 75. Kg1 1/2-1/2